Geografia - prawda czy fałsz? #7 - Statystyki

Ogólne statystyki
  • Ten quiz został rozwiązany 5 531 razy
  • Średni wynik to 12 z 15
Statystyki odpowiedzi
Zagadnienie Odpowiedź % Poprawnych
Większość Polaków to katolicy Prawda
93%
Mediolan położony jest w północnych Włoszech Prawda
88%
Chiny mają granicę lądową z Koreą Południową Fałsz
86%
Każde państwo w Oceanii dotyka oceanu Prawda
86%
Islandię w większości pokrywają bujne lasy Fałsz
85%
Nowa Zelandia ma na swojej fladze ptaka Fałsz
83%
Część Cypru jest kontrolowana przez nieuznawane państwo tureckojęzyczne Prawda
81%
Londyn i Kair znajdują się w tej samej strefie czasowej Fałsz
79%
Trzecia najwyższa góra świata nosi nazwę K3 Fałsz
79%
Hokkaido to najbardziej wysunięta na północ z czterech głównych wysp Japonii Prawda
76%
Obydwa największe miasta w Wietnamie zaczynają się na literę H Prawda
75%
Alaska graniczy z Oceanem Atlantyckim Fałsz
72%
Tama Asuańska leży na rzece Nil Prawda
71%
Przewiduje się, że do roku 2100 liczba ludności Korei Południowej podwoi się Fałsz
58%
Wielkie Jezioro Słone jest najgłębszym jeziorem w Ameryce Północnej Fałsz
56%
Nie znaleziono quizów pasujących do podanych kryteriów
Rozkład punktacji
Procent ludzi z każdym wynikiem
Percentyl według liczby udzielonych odpowiedzi
Twoja historia wyników
Nie rozwiązałeś tego quizu